[Event "First Saturday 2011 februar FM-B"]
[Site "Budapest"]
[Date "2011.02.09"]
[Round "5"]
[White "Krizsany, Laszlo Sr"]
[Black "Abul, Qasem"]
[Result "0-1"]
[WhiteElo "1950"]
[BlackElo "1981"]
[PlyCount "108"]
[EventDate "2011.02.05"]

1. d4 b5 2. a4 b4 3. c4 a5 4. Bf4 Nf6 5. e3 g6 6. h3 Bb7 7. Nf3 Bg7 8. Nbd2 O-O
9. Qc2 c5 10. Be2 Qb6 11. O-O Na6 12. Rad1 d6 13. d5 Nh5 14. Bh2 f5 15. Ng5 Nf6
16. Ne6 Rfb8 17. Nxg7 Kxg7 18. b3 Nc7 19. e4 e6 20. f3 Re8 21. Bd3 exd5 22.
exf5 g5 23. Rfe1 Ba6 24. Nf1 Rxe1 25. Rxe1 Re8 26. Rxe8 Ncxe8 27. Bg3 dxc4 28.
Bxc4 Bxc4 29. Qxc4 d5 30. Qe2 Kf7 31. Bf2 Qc6 32. h4 gxh4 33. Nd2 Ng7 34. Qd3
Nfe8 35. Bxh4 Nd6 36. g4 c4 37. Qe2 Qe8 38. Qf2 c3 39. Nf1 Qc6 40. Qe3 Nc8 41.
f6 Ne8 42. Qd3 Nxf6 43. Bxf6 Kxf6 44. Qxh7 Qc5+ 45. Kg2 c2 46. Qh6+ Kf7 47. Qc1
Ne7 48. Ne3 Qc3 49. Nxc2 Qxb3 50. Qf4+ Ke8 51. Nd4 Qxa4 52. g5 Qa2+ 53. Kg3 Qc4
54. Qe5 Qxd4 0-1

[Event "First Saturday 2011 februar FM-B"]
[Site "Budapest"]
[Date "2011.02.09"]
[Round "5"]
[White "Gruz, Janos"]
[Black "Koczo, Kristof"]
[Result "0-1"]
[WhiteElo "1911"]
[BlackElo "2236"]
[PlyCount "72"]
[EventDate "2011.02.05"]

1. d4 d5 2. Nd2 Nf6 3. Ngf3 Bf5 4. e3 e6 5. Be2 c5 6. O-O Nc6 7. a3 c4 8. Nh4
Be4 9. Nxe4 Nxe4 10. Nf3 Bd6 11. Nd2 f5 12. Nxe4 fxe4 13. f4 Qf6 14. Bd2 b5 15.
b3 O-O 16. a4 a6 17. axb5 axb5 18. bxc4 bxc4 19. Qb1 Nxd4 20. Bg4 Nf5 21. Rxa8
Rxa8 22. Qb7 Ra1 23. Bxf5 Rxf1+ 24. Kxf1 Qxf5 25. Bc3 Qf8 26. Qd7 Qe7 27. Qc8+
Kf7 28. g4 Qh4 29. Qd7+ Be7 30. f5 Qh3+ 31. Ke1 Qxe3+ 32. Kd1 Qg1+ 33. Kd2 e3+
34. Ke2 Qf2+ 35. Kd1 e2+ 36. Kc1 e1=Q+ 0-1

[Event "First Saturday 2011 februar FM-B"]
[Site "Budapest"]
[Date "2011.02.10"]
[Round "6"]
[White "Szendeff, Miklos"]
[Black "Koczo, Kristof"]
[Result "0-1"]
[WhiteElo "1983"]
[BlackElo "2236"]
[PlyCount "92"]
[EventDate "2011.02.05"]

1. e4 c6 2. d4 d5 3. Nc3 dxe4 4. Nxe4 Nd7 5. Bc4 Ngf6 6. Nxf6+ Nxf6 7. h3 Bf5
8. Nf3 e6 9. Bf4 Be7 10. O-O O-O 11. Bd3 Bxd3 12. Qxd3 c5 13. Rad1 Qb6 14. Qb3
c4 15. Qxb6 axb6 16. Ra1 Nd5 17. Bd2 c3 18. bxc3 Rfc8 19. Rfb1 Bd6 20. Rb3 Ra4
21. Ne5 f6 22. Nd3 Rca8 23. a3 Be7 24. Nb4 Bxb4 25. cxb4 b5 26. Kf1 Kf7 27. g3
Ke7 28. Ke2 Kd6 29. c3 Nb6 30. Ra2 Kd5 31. Kd3 Nc4 32. Bc1 h5 33. f4 Rh8 34.
Rb1 f5 35. Rba1 Rh6 36. Rg2 Rg6 37. Raa2 Nd6 38. Rg1 Ne4 39. Re2 Ra8 40. g4 Rc8
41. Bb2 hxg4 42. hxg4 Rh8 43. g5 Rh3+ 44. Re3 Rh4 45. Rf3 Rh2 46. Bc1 e5 0-1

[Event "First Saturday 2011 februar FM-B"]
[Site "Budapest"]
[Date "2011.02.10"]
[Round "6"]
[White "Abul, Qasem"]
[Black "Gruz, Janos"]
[Result "1-0"]
[WhiteElo "1981"]
[BlackElo "1911"]
[PlyCount "89"]
[EventDate "2011.02.05"]

1. e4 c5 2. Nf3 d6 3. d4 cxd4 4. Nxd4 Nf6 5. f3 a6 6. c4 g6 7. Nc3 Bg7 8. Be3
Nc6 9. Qd2 Bd7 10. Be2 Rc8 11. Rc1 h5 12. O-O Ne5 13. b3 Bc6 14. Rfe1 Ned7 15.
Bf1 O-O 16. Qf2 Kh7 17. Qd2 Qa5 18. Kh1 Ne5 19. Bg5 Qd8 20. Rc2 Bd7 21. Qe3 Nc6
22. Nde2 Ne5 23. Nf4 Bc6 24. h3 Qe8 25. Nfd5 Bxd5 26. exd5 b5 27. cxb5 axb5 28.
f4 Ned7 29. Bxb5 Qd8 30. Bc6 Nb8 31. Bb5 Nbd7 32. Bc6 Nb8 33. Bxf6 Bxf6 34. Ne4
Bg7 35. b4 Nxc6 36. Rxc6 Rxc6 37. dxc6 d5 38. Ng5+ Kg8 39. b5 d4 40. Qe4 Qb6
41. a4 Qa7 42. Rb1 Rb8 43. a5 Qxa5 44. Qxe7 Qd2 45. Qxf7+ 1-0

[Event "First Saturday 2011 februar FM-B"]
[Site "Budapest"]
[Date "2011.02.10"]
[Round "6"]
[White "Zoltan, Andras"]
[Black "Krizsany, Laszlo Sr"]
[Result "1/2-1/2"]
[WhiteElo "1969"]
[BlackElo "1950"]
[PlyCount "26"]
[EventDate "2011.02.05"]

1. e4 c6 2. c4 d5 3. exd5 cxd5 4. cxd5 Qxd5 5. Nc3 Qa5 6. d4 e6 7. Bc4 Nf6 8.
Bd2 Qb6 9. Nf3 Bd7 10. O-O Bd6 11. a4 O-O 12. a5 Qc7 13. b3 Bc6 1/2-1/2

[Event "First Saturday 2011 februar FM-B"]
[Site "Budapest"]
[Date "2011.02.10"]
[Round "6"]
[White "Darazs, Zoltan"]
[Black "Farkas, Richard"]
[Result "1/2-1/2"]
[WhiteElo "2197"]
[BlackElo "1982"]
[PlyCount "66"]
[EventDate "2011.02.05"]

1. e4 e6 2. d4 d5 3. Nc3 Bb4 4. e5 c5 5. a3 Bxc3+ 6. bxc3 Ne7 7. Qg4 cxd4 8.
cxd4 Qc7 9. Ra2 Nf5 10. Bd3 Qc3+ 11. Bd2 Qxd4 12. Qe2 Nc6 13. Nf3 Qb6 14. O-O
O-O 15. g4 Nfd4 16. Nxd4 Qxd4 17. Re1 f6 18. exf6 Qxf6 19. f4 Bd7 20. g5 Qe7
21. f5 Qc5+ 22. Be3 d4 23. f6 g6 24. Bd2 Rae8 25. Rb2 b6 26. Rb5 Qxa3 27. Qg4
Qd6 28. Qh4 e5 29. Qh6 Rf7 30. Bxg6 hxg6 31. Qxg6+ Kf8 32. Qh6+ Kg8 33. Qg6+
Kf8 1/2-1/2

[Event "First Saturday 2011 februar FM-B"]
[Site "Budapest"]
[Date "2011.02.10"]
[Round "6"]
[White "Bodi, Tibor"]
[Black "Medvegyne, B.Emese"]
[Result "1/2-1/2"]
[WhiteElo "2009"]
[BlackElo "2084"]
[PlyCount "86"]
[EventDate "2011.02.05"]

1. e4 c5 2. Nf3 Nc6 3. d4 cxd4 4. Nxd4 Nf6 5. Nc3 e5 6. Nf5 d5 7. exd5 Bxf5 8.
dxc6 bxc6 9. Qf3 Qd7 10. Bg5 e4 11. Qf4 Bd6 12. Qd2 Qe6 13. Bc4 Qxc4 14. Qxd6
Rd8 15. Qe5+ Qe6 16. Qxe6+ fxe6 17. Ke2 Rb8 18. Bxf6 gxf6 19. b3 e3 20. Kxe3
Bxc2 21. Rac1 Bf5 22. Ne2 Rb5 23. Rxc6 Re5+ 24. Kd2 Rd5+ 25. Kc1 Kd7 26. Rc3 e5
27. Ng3 Bg6 28. Rd1 Rxd1+ 29. Kxd1 f5 30. Rc5 f4 31. Ne2 Ke6 32. Nc3 Rd8+ 33.
Kc1 Rd3 34. f3 Kd6 35. b4 a6 36. a4 Bf5 37. Nd1 Rb3 38. Ra5 Bc8 39. b5 axb5 40.
axb5 Kc5 41. b6+ Kd4 42. Ra4+ Kd5 43. Ra5+ Kd4 1/2-1/2

[Event "First Saturday 2011 februar FM-B"]
[Site "Budapest"]
[Date "2011.02.10"]
[Round "6"]
[White "Tessedik, Karoly"]
[Black "Honch, Pal"]
[Result "0-1"]
[WhiteElo "1913"]
[BlackElo "2096"]
[PlyCount "96"]
[EventDate "2011.02.05"]

1. d4 Nf6 2. c4 e6 3. Nc3 c5 4. d5 exd5 5. cxd5 d6 6. e4 g6 7. f4 Bg7 8. Bb5+
Nfd7 9. a4 O-O 10. Nf3 Na6 11. O-O Nc7 12. Bd3 a6 13. Re1 Re8 14. Qc2 Rb8 15.
Bd2 b5 16. e5 Nb6 17. axb5 c4 18. Be4 axb5 19. Ra7 b4 20. Na4 b3 21. Qc1 Ba6
22. Nxb6 Rxb6 23. Ba5 Qb8 24. Bxb6 Qxb6+ 25. Qe3 Qa5 26. Kh1 Nb5 27. e6 f5 28.
Rxg7+ Kxg7 29. Bxf5 c3 30. Bd3 cxb2 31. Bxb5 Bxb5 32. Qd4+ Kh6 33. Qxb2 Bc4 34.
Ra1 Qxd5 35. Ng5 Rxe6 36. Nxe6 Qxe6 37. Qf2 Qf6 38. Ra7 Be6 39. Qd2 Bf5 40. g4
Bxg4 41. f5+ g5 42. h4 Bxf5 43. hxg5+ Qxg5 44. Qxd6+ Kh5 45. Qd1+ Qg4 46. Qd2
Be4+ 47. Kh2 Qh4+ 48. Kg1 Qg3+ 0-1

[Event "First Saturday 2011 februar FM-B"]
[Site "Budapest"]
[Date "2011.02.11"]
[Round "7"]
[White "Honch, Pal"]
[Black "Szendeff, Miklos"]
[Result "1-0"]
[WhiteElo "2096"]
[BlackElo "1983"]
[PlyCount "115"]
[EventDate "2011.02.05"]

1. d4 g6 2. c4 Bg7 3. Nf3 d6 4. g3 c6 5. Bg2 Nd7 6. Nc3 Qc7 7. O-O Ngf6 8. e4
e5 9. Qc2 O-O 10. h3 Re8 11. Bg5 Nf8 12. Rad1 Bd7 13. Qc1 Ne6 14. Bh6 a6 15.
Bxg7 Kxg7 16. d5 cxd5 17. Nxd5 Nxd5 18. Rxd5 Bc6 19. Qc3 Bxd5 20. exd5 Nf8 21.
Nd2 b5 22. f4 Qc5+ 23. Kh2 Qd4 24. fxe5 Qxc3 25. bxc3 Rac8 26. e6 Rc7 27. cxb5
axb5 28. exf7 Rxf7 29. Rb1 Rb7 30. Bf1 Reb8 31. Rb4 Nd7 32. g4 Nc5 33. Kg3 Kf6
34. Nf3 g5 35. Nd4 Ke5 36. Nc6+ Kxd5 37. Nxb8 Rxb8 38. Bxb5 Ra8 39. a4 Ne6 40.
Bc4+ Ke5 41. Bxe6 Kxe6 42. Kf3 Rc8 43. Rb3 Kd5 44. a5 Ra8 45. Ra3 Ra6 46. Ke3
Ke5 47. Ra4 d5 48. Kd3 Ke6 49. Kd4 Kd6 50. Rb4 Rxa5 51. Rb6+ Ke7 52. Rh6 Kf7
53. Rxh7+ Kf6 54. Rh6+ Kf7 55. Rb6 Ra1 56. Kxd5 Rd1+ 57. Ke5 Kg7 58. c4 1-0

[Event "First Saturday 2011 februar FM-B"]
[Site "Budapest"]
[Date "2011.02.11"]
[Round "7"]
[White "Medvegyne, B.Emese"]
[Black "Tessedik, Karoly"]
[Result "1-0"]
[WhiteElo "2084"]
[BlackElo "1913"]
[PlyCount "51"]
[EventDate "2011.02.05"]

1. e4 g6 2. d4 Bg7 3. c3 a6 4. f4 d6 5. Nf3 Nd7 6. Bd3 e5 7. O-O exd4 8. cxd4
Ngf6 9. e5 dxe5 10. fxe5 Nd5 11. Bg5 f6 12. exf6 Bxf6 13. Bh6 c6 14. Re1+ Kf7
15. Ne5+ Bxe5 16. dxe5 Re8 17. Qf3+ Kg8 18. Qg3 Nf8 19. Nd2 Qb6+ 20. Kh1 Be6
21. Nc4 Qc7 22. Nd6 Red8 23. Rf1 b5 24. Rf3 Qd7 25. Raf1 Nb4 26. Qf4 1-0

[Event "First Saturday 2011 februar FM-B"]
[Site "Budapest"]
[Date "2011.02.11"]
[Round "7"]
[White "Farkas, Richard"]
[Black "Bodi, Tibor"]
[Result "1-0"]
[WhiteElo "1982"]
[BlackElo "2009"]
[PlyCount "97"]
[EventDate "2011.02.05"]

1. e4 Nc6 2. Nf3 e6 3. d4 d5 4. e5 f6 5. Bb5 a6 6. Bxc6+ bxc6 7. exf6 Nxf6 8.
O-O Bd6 9. Re1 O-O 10. Bg5 h6 11. Bh4 g5 12. Bg3 Ne4 13. Nbd2 Nxg3 14. hxg3 Qf6
15. Qe2 c5 16. c3 Bd7 17. Rab1 Rae8 18. b4 cxd4 19. cxd4 Bb5 20. Qe3 Qf5 21. a3
Rf6 22. Ne5 Ref8 23. f3 h5 24. Nb3 g4 25. f4 Rh6 26. Nc5 h4 27. a4 Be8 28. gxh4
Rxh4 29. g3 Rh3 30. Kg2 Rf6 31. Qe2 Bxe5 32. Qxe5 Qc2+ 33. Qe2 Qxe2+ 34. Rxe2
Rfh6 35. Rg1 Kf7 36. Kf1 Ke7 37. Ke1 Rh1 38. Rxh1 Rxh1+ 39. Kd2 Bd7 40. f5 Rh6
41. Nxa6 Bxa4 42. Rxe6+ Rxe6 43. fxe6 Kd6 44. Nc5 Bb5 45. Ke3 Bc4 46. Kf4 Be2
47. Kf5 Ke7 48. Nd7 Ba6 49. Kxg4 1-0

[Event "First Saturday 2011 februar FM-B"]
[Site "Budapest"]
[Date "2011.02.11"]
[Round "7"]
[White "Krizsany, Laszlo Sr"]
[Black "Darazs, Zoltan"]
[Result "0-1"]
[WhiteElo "1950"]
[BlackElo "2197"]
[PlyCount "86"]
[EventDate "2011.02.05"]

1. d4 Nf6 2. c4 g6 3. Nc3 d5 4. Bf4 Bg7 5. e3 c5 6. Nf3 O-O 7. Be2 Nc6 8. O-O
dxc4 9. Bxc4 cxd4 10. exd4 Bg4 11. Be3 Bxf3 12. gxf3 Na5 13. Be2 Nd5 14. Qd2
Rc8 15. Rfd1 Nc4 16. Bxc4 Rxc4 17. Qd3 Rc8 18. Nxd5 Qxd5 19. Qe4 Qd7 20. f4
Rfd8 21. Rd2 b6 22. Rad1 e6 23. b3 Qd5 24. Qxd5 Rxd5 25. Kf1 Rcd8 26. Kg2 Kf8
27. Kf3 Rh5 28. Kg3 Ke7 29. f3 Rhd5 30. Kf2 f5 31. h3 Bf6 32. Ke2 h6 33. h4
Bxh4 34. Rh1 g5 35. fxg5 hxg5 36. f4 Kf6 37. Bg1 Kg6 38. Rc2 Bg3 39. fxg5 Kxg5
40. Kf3 f4 41. Rc7 R5d7 42. Rh7 Rxh7 43. Rxh7 Rc8 0-1

[Event "First Saturday 2011 februar FM-B"]
[Site "Budapest"]
[Date "2011.02.11"]
[Round "7"]
[White "Gruz, Janos"]
[Black "Zoltan, Andras"]
[Result "0-1"]
[WhiteElo "1911"]
[BlackElo "1969"]
[PlyCount "72"]
[EventDate "2011.02.05"]

1. d4 d5 2. Nf3 Nf6 3. b3 e6 4. Bb2 Bb4+ 5. c3 Bd6 6. e3 O-O 7. Bd3 Nbd7 8. c4
dxc4 9. bxc4 c5 10. Nc3 cxd4 11. exd4 e5 12. c5 exd4 13. cxd6 dxc3 14. Bxc3
Re8+ 15. Be2 Ne4 16. Rc1 Re6 17. O-O Rxd6 18. Qc2 Nxc3 19. Qxc3 Nf6 20. Rfd1
Be6 21. Rxd6 Qxd6 22. Rd1 Ne4 23. Qe3 Qc6 24. Rc1 Qa4 25. Nd4 Bd5 26. Bb5 Qxa2
27. Nf5 a6 28. Bd3 Qa3 29. f3 Nf6 30. Re1 Qf8 31. Qg5 Be6 32. Nd4 h6 33. Qg3
Qc5 34. Qf2 Rd8 35. Rd1 Rxd4 36. Bf1 Rd5 0-1

[Event "First Saturday 2011 februar FM-B"]
[Site "Budapest"]
[Date "2011.02.11"]
[Round "7"]
[White "Koczo, Kristof"]
[Black "Abul, Qasem"]
[Result "1-0"]
[WhiteElo "2236"]
[BlackElo "1981"]
[PlyCount "121"]
[EventDate "2011.02.05"]

1. d4 g6 2. c4 Nf6 3. Nc3 Bg7 4. e4 O-O 5. Bg5 h6 6. Be3 d6 7. h3 e5 8. d5 Ne8
9. g4 c6 10. Bd3 Na6 11. Rc1 c5 12. h4 Nb4 13. Bb1 Nf6 14. f3 h5 15. g5 Nh7 16.
a3 Na6 17. Bd3 f6 18. Qd2 fxg5 19. hxg5 Nc7 20. Bf1 a6 21. b4 b6 22. Rb1 Rf7
23. Bh3 Bf8 24. Qg2 Be7 25. Bxc8 Rxc8 26. Nh3 Ne8 27. bxc5 bxc5 28. Ke2 Rb8 29.
Rxb8 Qxb8 30. Rb1 Qc7 31. Bd2 Nf8 32. Qg1 Bd8 33. Qd1 Qc8 34. Nf2 Nh7 35. Qc1
Ng7 36. Rb3 Rb7 37. Rxb7 Qxb7 38. Nh3 Qb3 39. Kd3 Kf7 40. Nf2 Ne8 41. Nfd1 Ba5
42. f4 exf4 43. Bxf4 Qb8 44. Qe3 Bd8 45. e5 dxe5 46. Bxe5 Qc8 47. Qf4+ Qf5+ 48.
Qxf5+ gxf5 49. Na4 Be7 50. Bf4 Kg6 51. Be3 Nxg5 52. Bxc5 Kf7 53. Ne3 f4 54. Nf5
Bxc5 55. Nxc5 Kf6 56. d6 Ne6 57. Nxe6 Kxe6 58. c5 Nf6 59. c6 Ng4 60. c7 Ne5+
61. Ke4 1-0

[Event "First Saturday 2011 februar FM-B"]
[Site "Budapest"]
[Date "2011.02.12"]
[Round "8"]
[White "Szendeff, Miklos"]
[Black "Abul, Qasem"]
[Result "0-1"]
[WhiteElo "1983"]
[BlackElo "1981"]
[PlyCount "66"]
[EventDate "2011.02.05"]

1. d4 Nc6 2. c4 e5 3. d5 Nce7 4. e4 Ng6 5. g3 Bc5 6. h4 Nf6 7. h5 Nxe4 8. Qf3
Nxf2 9. hxg6 fxg6 10. Rh2 Rf8 11. Bf4 exf4 12. Rxf2 Bxf2+ 13. Qxf2 Qe7+ 14. Be2
fxg3 15. Qxg3 d6 16. Nc3 Bf5 17. O-O-O O-O-O 18. Bd3 Rde8 19. Kd2 Qe5 20. Qxe5
Rxe5 21. Nf3 Re7 22. Ng5 h6 23. Bxf5+ Rxf5 24. Ne6 Rf2+ 25. Ne2 g5 {
after 45 move} 26. Rg1 Kd7 27. Ke3 Rf5 28. N2d4 Rf4 29. b3 c6 30. Rg2 a6 31.
Ne2 Rf5 32. Ng3 Rff7 33. Kd4 g4 0-1

[Event "First Saturday 2011 februar FM-B"]
[Site "Budapest"]
[Date "2011.02.12"]
[Round "8"]
[White "Zoltan, Andras"]
[Black "Koczo, Kristof"]
[Result "0-1"]
[WhiteElo "1969"]
[BlackElo "2236"]
[PlyCount "56"]
[EventDate "2011.02.05"]

1. e4 c6 2. d4 d5 3. Bd3 dxe4 4. Bxe4 Nf6 5. Bf3 Bf5 6. Ne2 Nbd7 7. O-O e5 8.
Ng3 Be6 9. dxe5 Nxe5 10. Nc3 Be7 11. b3 Qa5 12. Bb2 Rd8 13. Qe2 Nxf3+ 14. gxf3
O-O 15. Rfd1 Nh5 16. Nxh5 Qxh5 17. Ne4 Rd5 18. Ng3 Rg5 19. Kh1 Qh3 20. c4 h5
21. Qf1 h4 22. f4 Rg6 23. Qxh3 Bxh3 24. f5 Rg5 25. Bc1 Rg4 26. Ne2 Bg2+ 27. Kg1
Bf6 28. Ba3 Re8 0-1

[Event "First Saturday 2011 februar FM-B"]
[Site "Budapest"]
[Date "2011.02.12"]
[Round "8"]
[White "Darazs, Zoltan"]
[Black "Gruz, Janos"]
[Result "1-0"]
[WhiteElo "2197"]
[BlackElo "1911"]
[PlyCount "87"]
[EventDate "2011.02.05"]

1. e4 c5 2. Nf3 d6 3. d4 cxd4 4. Nxd4 Nf6 5. Nc3 a6 6. Bg5 e6 7. f4 Qa5 8. Qf3
h6 9. Bh4 Be7 10. O-O-O Qc7 11. g4 Nbd7 12. Bg3 b5 13. g5 hxg5 14. fxg5 Nh7 15.
g6 Nhf6 16. gxf7+ Kxf7 17. h4 Ne5 18. Qf4 b4 19. Nce2 Ng6 20. Qf2 Bb7 21. Bg2
Ne5 22. Nf4 Neg4 23. Qe2 e5 24. Nfe6 Qa5 25. Ng5+ Ke8 26. Nb3 Qb6 27. Qc4 Rf8
28. Ne6 Rc8 29. Nxg7+ Kd8 30. Qd3 Rg8 31. Ne6+ Kd7 32. Ng5 Qe3+ 33. Kb1 Qxd3
34. Rxd3 Kc7 35. Na5 Ba8 36. Nc4 Bc6 37. Ne6+ Kb7 38. Nxd6+ Bxd6 39. Rxd6 Ne3
40. Ng5 Nxg2 41. Rxf6 Rxg5 42. hxg5 Bxe4 43. g6 Ne3 44. Rh7+ 1-0

[Event "First Saturday 2011 februar FM-B"]
[Site "Budapest"]
[Date "2011.02.12"]
[Round "8"]
[White "Bodi, Tibor"]
[Black "Krizsany, Laszlo Sr"]
[Result "1-0"]
[WhiteElo "2009"]
[BlackElo "1950"]
[PlyCount "55"]
[EventDate "2011.02.05"]

1. e4 c6 2. d4 d5 3. exd5 cxd5 4. Bd3 Nf6 5. c3 g6 6. Nf3 Bg7 7. O-O O-O 8. Re1
Bg4 9. h3 Bxf3 10. Qxf3 e6 11. Bg5 Nbd7 12. Nd2 a6 13. a4 Qc7 14. a5 Rae8 15.
Bf4 Qc6 16. Bc2 b5 17. axb6 Qxb6 18. Ra2 Nh5 19. Be3 f5 20. Nb3 f4 21. Bd2 Ra8
22. Rea1 Rf6 23. c4 Rff8 24. c5 Qc6 25. Bc3 e5 26. Na5 Qe6 27. c6 e4 28. Qg4
1-0

[Event "First Saturday 2011 februar FM-B"]
[Site "Budapest"]
[Date "2011.02.12"]
[Round "8"]
[White "Tessedik, Karoly"]
[Black "Farkas, Richard"]
[Result "0-1"]
[WhiteElo "1913"]
[BlackElo "1982"]
[PlyCount "50"]
[EventDate "2011.02.05"]

1. d4 d5 2. c4 e5 3. dxe5 d4 4. Nf3 Nc6 5. g3 Nge7 6. Bg2 Ng6 7. Bf4 Bg4 8. Qa4
Qd7 9. Nbd2 O-O-O 10. a3 Kb8 11. b4 Qf5 12. e4 Qe6 13. c5 Bxf3 14. Nxf3 Nxf4
15. gxf4 Qg4 16. O-O Qxf4 17. b5 Nxe5 18. Nxe5 Qxe5 19. c6 g5 20. Qb3 Bd6 21.
Qh3 h5 22. f4 gxf4 23. Qf5 f6 24. cxb7 Rhg8 25. Kh1 f3 0-1

[Event "First Saturday 2011 februar FM-B"]
[Site "Budapest"]
[Date "2011.02.12"]
[Round "8"]
[White "Honch, Pal"]
[Black "Medvegyne, B.Emese"]
[Result "0-1"]
[WhiteElo "2096"]
[BlackElo "2084"]
[PlyCount "92"]
[EventDate "2011.02.05"]

1. d4 d5 2. c4 c6 3. Nf3 Nf6 4. cxd5 cxd5 5. Nc3 Nc6 6. Bf4 e6 7. e3 a6 8. Bd3
Bd6 9. Bg3 O-O 10. O-O Bxg3 11. hxg3 b5 12. Rc1 Bb7 13. b3 Ng4 14. Nh2 Nxh2 15.
Qh5 f5 16. Kxh2 Rf6 17. Kg1 Rh6 18. Qd1 Qg5 19. Be2 Ne7 20. Qe1 Rg6 21. f4 Qf6
22. Bh5 Rh6 23. g4 fxg4 24. Bxg4 Bc6 25. b4 Be8 26. Bf3 Bh5 27. Ne2 Nf5 28. Ng3
Bxf3 29. Nxf5 exf5 30. Rxf3 Re8 31. Rc5 Qxd4 32. exd4 Rxe1+ 33. Kf2 Rhe6 34.
Rxd5 R1e2+ 35. Kf1 Rxa2 36. Rxf5 Ree2 37. Rc3 h6 38. Re5 Rf2+ 39. Kg1 Rxg2+ 40.
Kh1 Rgd2 41. Rc1 Rxd4 42. f5 Rf4 43. Rce1 Raf2 44. Re8+ Kh7 45. R8e6 Rxf5 46.
Rxa6 Rf1+ 0-1

[Event "First Saturday 2011 februar FM-B"]
[Site "Budapest"]
[Date "2011.02.13"]
[Round "9"]
[White "Medvegyne, B.Emese"]
[Black "Szendeff, Miklos"]
[Result "1-0"]
[WhiteElo "2084"]
[BlackElo "1983"]
[PlyCount "117"]
[EventDate "2011.02.05"]

1. e4 c6 2. d4 d5 3. exd5 cxd5 4. Bf4 Nf6 5. Bd3 g6 6. c3 Bg7 7. Nd2 O-O 8. h3
Nbd7 9. Ngf3 Ne8 10. O-O Ndf6 11. Re1 Nd6 12. Nf1 Nf5 13. Qd2 Be6 14. Qe2 Re8
15. Ne5 Nd7 16. Nd2 Nd6 17. g4 Nxe5 18. Bxe5 a6 19. Bxg7 Kxg7 20. Qe5+ Kg8 21.
f4 Nc4 22. Nxc4 dxc4 23. Be4 Rb8 24. f5 Bd7 25. h4 b5 26. Bf3 f6 27. Qd5+ Kg7
28. Kf2 Qc7 29. Rh1 e6 30. fxe6 Bxe6 31. Qe4 Bf5 32. Qc6 Qxc6 33. Bxc6 Be4 34.
Bxe8 Bxh1 35. Bxg6 Kxg6 36. Rxh1 h5 37. Kf3 hxg4+ 38. Kxg4 Re8 39. h5+ Kh6 40.
Rh2 b4 41. Kf5 bxc3 42. bxc3 Re3 43. Rc2 Rf3+ 44. Ke6 Kxh5 45. d5 Kg4 46. d6
Rd3 47. d7 f5 48. Ke7 Re3+ 49. Kd6 Rd3+ 50. Kc7 Kf3 51. d8=Q Rxd8 52. Kxd8 Ke3
53. a4 a5 54. Kc7 Kd3 55. Rc1 Kd2 56. Rb1 f4 57. Kb6 Kxc3 58. Kxa5 Kd3 59. Rf1
1-0

[Event "First Saturday 2011 februar FM-B"]
[Site "Budapest"]
[Date "2011.02.13"]
[Round "9"]
[White "Farkas, Richard"]
[Black "Honch, Pal"]
[Result "1-0"]
[WhiteElo "1982"]
[BlackElo "2096"]
[PlyCount "85"]
[EventDate "2011.02.05"]

1. d4 Nf6 2. c4 e6 3. Nc3 c5 4. d5 exd5 5. cxd5 d6 6. e4 g6 7. f4 Bg7 8. Nf3
O-O 9. Bd3 a6 10. a4 Nbd7 11. O-O Qc7 12. Qe2 Re8 13. Re1 Nb6 14. Qf1 c4 15.
Bc2 Bd7 16. a5 Nc8 17. h3 b5 18. e5 dxe5 19. fxe5 Nxd5 20. Nxd5 Qc5+ 21. Qf2
Qxf2+ 22. Kxf2 Rb8 23. Nc7 Rf8 24. Nxa6 Ra8 25. Nb4 Re8 26. Bd2 Bf8 27. Nd5
Bc5+ 28. Kf1 Rd8 29. Bg5 Bf5 30. Bxd8 Bxc2 31. Ne3 Bd3+ 32. Kf2 Na7 33. Bb6 Bb4
34. Red1 Nc8 35. Nd5 Bf8 36. Be3 Bc2 37. Nf6+ Kg7 38. Rd8 b4 39. Nd4 Bf5 40.
Nc6 c3 41. Rxf8 Nb6 42. Rxa8 Nxa8 43. bxc3 1-0

[Event "First Saturday 2011 februar FM-B"]
[Site "Budapest"]
[Date "2011.02.13"]
[Round "9"]
[White "Gruz, Janos"]
[Black "Bodi, Tibor"]
[Result "0-1"]
[WhiteElo "1911"]
[BlackElo "2009"]
[PlyCount "106"]
[EventDate "2011.02.05"]

1. d4 f5 2. Nd2 Nf6 3. Ngf3 g6 4. e3 Bg7 5. Bd3 O-O 6. e4 fxe4 7. Nxe4 d6 8. c3
Nc6 9. Nxf6+ Bxf6 10. Bh6 Bg7 11. Bxg7 Kxg7 12. h3 e6 13. Qd2 Rb8 14. Qg5 Qxg5
15. Nxg5 h6 16. Nf3 Bd7 17. O-O Ne7 18. Rae1 Rf6 19. Nd2 Rbf8 20. Be4 g5 21.
Bf3 Ng6 22. Ne4 Rxf3 23. gxf3 Bb5 24. Re3 Bxf1 25. Kxf1 Nf4 26. Ng3 Kf6 27. a4
Nxh3 28. Kg2 Nf4+ 29. Kh2 Ke7 30. Ne4 Nd5 31. Rd3 Rf4 32. Nd2 Rh4+ 33. Kg1 Rf4
34. Nf1 Nf6 35. b3 Nd7 36. Ng3 Nf8 37. Re3 Ng6 38. Ne4 Nh4 39. Nd2 Kf7 40. Kh2
Rf5 41. Kg1 b6 42. Rd3 Ng6 43. Ne4 Ke7 44. Re3 Rf8 45. Rd3 e5 46. d5 Nf4 47.
Rd2 a6 48. Kh2 b5 49. a5 Rc8 50. c4 bxc4 51. bxc4 Rb8 52. c5 Rb5 53. cxd6+ cxd6
0-1

[Event "First Saturday 2011 februar FM-B"]
[Site "Budapest"]
[Date "2011.02.13"]
[Round "9"]
[White "Abul, Qasem"]
[Black "Zoltan, Andras"]
[Result "1-0"]
[WhiteElo "1981"]
[BlackElo "1969"]
[PlyCount "69"]
[EventDate "2011.02.05"]

1. d4 d5 2. c4 e5 3. dxe5 d4 4. Nf3 Nc6 5. a3 Nge7 6. b4 Ng6 7. Bb2 Ncxe5 8.
Nxe5 Nxe5 9. e3 Be6 10. c5 Qd5 11. Qxd4 O-O-O 12. Qxd5 Rxd5 13. Nc3 Nd3+ 14.
Bxd3 Rxd3 15. Rd1 Rxd1+ 16. Kxd1 Bb3+ 17. Ke2 Be7 18. Nb1 f6 19. Nd2 Ba4 20. e4
Rd8 21. Ke3 Bb5 22. Bd4 f5 23. f4 g5 24. g3 gxf4+ 25. gxf4 Bh4 26. Nf3 Bf2+ 27.
Kxf2 fxe4 28. Bf6 Rf8 29. Nd4 Rxf6 30. Nxb5 a6 31. Nd4 Rxf4+ 32. Kg3 Rf8 33.
Re1 Re8 34. Kf4 Rf8+ 35. Nf5 1-0

[Event "First Saturday 2011 februar FM-B"]
[Site "Budapest"]
[Date "2011.02.14"]
[Round "10"]
[White "Szendeff, Miklos"]
[Black "Zoltan, Andras"]
[Result "1/2-1/2"]
[WhiteElo "1983"]
[BlackElo "1969"]
[PlyCount "22"]
[EventDate "2011.02.05"]

1. e4 e5 2. f4 Nf6 3. fxe5 Nxe4 4. Nf3 Be7 5. Nc3 Nxc3 6. dxc3 d5 7. exd6 Qxd6
8. Qxd6 Bxd6 9. Bd3 O-O 10. O-O Nc6 11. Be3 Bd7 1/2-1/2

[Event "First Saturday 2011 februar FM-B"]
[Site "Budapest"]
[Date "2011.02.14"]
[Round "10"]
[White "Darazs, Zoltan"]
[Black "Abul, Qasem"]
[Result "1/2-1/2"]
[WhiteElo "2197"]
[BlackElo "1981"]
[PlyCount "94"]
[EventDate "2011.02.05"]

1. e4 e5 2. Nf3 Nc6 3. Bb5 a6 4. Ba4 Nf6 5. d4 b5 6. Bb3 exd4 7. O-O Na5 8. e5
Ng8 9. Nxd4 Bb7 10. Nc3 c5 11. Nf5 c4 12. Re1 Qb6 13. Nd5 Bxd5 14. Qxd5 Qc6 15.
Nd6+ Bxd6 16. exd6+ Kf8 17. Qe5 f6 18. Qg3 Nb7 19. a4 cxb3 20. axb5 Qxb5 21.
cxb3 Nc5 22. Be3 Ne6 23. Bd2 Kf7 24. Ra5 Qb6 25. Ra4 Nh6 26. Rb4 Qc5 27. Rxe6
Nf5 28. Re7+ Nxe7 29. dxe7 Qxe7 30. h4 Rhc8 31. Qd3 Kg8 32. Rb7 Kh8 33. Bb4
Rc1+ 34. Kh2 Qe5+ 35. g3 Qxb2 36. Bd2 Rcc8 37. Qxd7 f5 38. Be3 Rd8 39. Qxf5 Rf8
40. Qc5 Rad8 41. Rd7 Rc8 42. Qd4 Rc2 43. Qxb2 Rxb2 44. Bd4 Rbxf2+ 45. Bxf2
Rxf2+ 46. Kg1 h6 47. Ra7 Rb2 1/2-1/2

[Event "First Saturday 2011 februar FM-B"]
[Site "Budapest"]
[Date "2011.02.14"]
[Round "10"]
[White "Bodi, Tibor"]
[Black "Koczo, Kristof"]
[Result "0-1"]
[WhiteElo "2009"]
[BlackElo "2236"]
[PlyCount "108"]
[EventDate "2011.02.05"]

1. d4 d5 2. c4 c6 3. Nf3 Nf6 4. Nc3 dxc4 5. a4 Bf5 6. e3 e6 7. Bxc4 Bb4 8. O-O
O-O 9. Nh4 Bg4 10. f3 Nd5 11. g3 Bh3 12. Ng2 Nxc3 13. Qb3 Nxa4 14. Qxb4 Nb6 15.
Bd3 N8d7 16. Rd1 Bxg2 17. Kxg2 Re8 18. f4 Qe7 19. Qa5 c5 20. Be4 Nf6 21. dxc5
Nxe4 22. cxb6 a6 23. b3 Red8 24. Ba3 Qe8 25. Qe5 Rxd1 26. Rxd1 Nf6 27. Qc7 Nd5
28. Rxd5 exd5 29. Qxb7 Rb8 30. Qa7 d4 31. exd4 Qe2+ 32. Kg1 Re8 33. b7 Qd1+ 34.
Kg2 Re2+ 35. Kh3 Qf1+ 36. Kg4 h5+ 37. Kh4 Rxh2+ 38. Kg5 Qh3 39. b8=Q+ Kh7 40.
Qh8+ Kxh8 41. Qa8+ Kh7 42. Qe4+ f5 43. Qxf5+ Qxf5+ 44. Kxf5 Rh3 45. Be7 Rxg3
46. b4 Re3 47. Bg5 Kg8 48. Kg6 Rd3 49. Kxh5 Rxd4 50. Be7 Kf7 51. Bc5 Rd5+ 52.
Kg4 a5 53. Kf3 a4 54. Ke4 Rxc5 0-1